000 01111nam a2200337 i 4500
001 bg
003 BPK
005 20221214121527.0
008 980604s1996 pl d f |000 0 pol
015 _aPB 1998/6647
020 _a8386421029
040 _aWA N
_cBPK
080 _a34(438)
080 _a340.1
080 _a(075.3)
100 1 _aSeidel, Ryszard
_eAutor
245 1 0 _aPrawoznawstwo /
_cRyszard Seidel.
250 _aWyd. 5.
260 _aPoznań :
_b"eMPi²",
_c1996.
300 _a148 s. ;
_c24 cm.
490 1 _aMateriały i Podręczniki Mariana Pietraszewskiego.
521 _aPodręcznik dla liceów ekonomicznych.
650 4 _aPrawo
_zPolska.
655 4 _aPodręczniki szkolne
655 4 _aPodręczniki dla szkół średnich
650 4 _aTeoria prawa
_xteoria.
710 2 _aWydawnictwo eMPi² Mariana Pietraszewskiego
_4pbl.
856 _uhttp://koha.tu.koszalin.pl/cgi-bin/koha/opac-detail.pl?biblionumber=52946
_yKatalog online BPK
830 0 _aMateriały i Podręczniki Mariana Pietraszewskiego
942 _2UKD
_cKS
999 _c52946
_d52946